League One 25/26 Logos - Statistics

General Stats
  • This quiz has been taken 12 times
  • The average score is 19 of 24
Answer Stats
Picture Answer % Correct
Cardiff
100%
Luton
100%
Reading
100%
AFC Wimbledon
80%
Barnsley
80%
Bolton
80%
Bradford
80%
Exeter
80%
Leyton Orient
80%
Lincoln
80%
Plymouth
80%
Port Vale
80%
Rotherham
80%
Stevenage
80%
Wigan
80%
Wycombe
80%
Blackpool
70%
Doncaster
70%
Huddersfield
70%
Mansfield
70%
Northampton
70%
Burton
60%
Peterborough
60%
Stockport
60%
No matching quizzes found
Score Distribution
Percent of People with Each Score
Percentile by Number Answered
Your Score History
You have not taken this quiz